Stati per consumo di Gas naturale - Statistics

Statistiche generali
  • Questo quiz è stato fatto 15 volte
  • Il punteggio medio è 13 su 15
Statistiche sulle risposte
Milioni m³ / anno Continente Nazione % Corretto
307 300 Asia Cina
100%
54 200 Asia India
100%
72 100 Europa Italia
100%
90 700 America del Nord Messico
100%
444 3000 Asia / Europa Russia
100%
120 300 America del Nord Canada
90%
88 700 Europa Germania
90%
108 100 Asia Giappone
90%
223 600 Asia Iran
90%
846 600 America del Nord Stati Uniti
90%
113 600 Asia Arabia Saudita
80%
58 900 Africa Egitto
80%
78 800 Europa Regno Unito
80%
72 200 Asia Emirati Arabi Uniti
50%
51 700 Asia Turchia
40%
Nessun quiz corrispondente trovato
Distribuzione punteggi
Percentuale di utenti per punteggio
Percentile per numero di risposta
I tuoi punteggi nel tempo
Non hai fatto questo quiz